000 00272nam a2200133Ia 4500
100 _aPalnitkar/Samir
942 _cBK
654 _averilog
245 _aVerilog HDL
260 _bPearson Education
_c2003
082 _a621.392
_bPAL
300 _a449
546 _aENGLISH
999 _c25252
_d25252